000 01277nam a2200325Ia 4500
001 ebr10659117
003 CaPaEBR
006 m u
007 cr cn|||||||||
008 081124s2009 nyua sb 001 0 eng d
010 _z 2008050983
020 _z1606927329 (hardcover)
020 _z9781606927328 (hardcover)
020 _z9781614704751
040 _aCaPaEBR
_cCaPaEBR
035 _a(OCoLC)756677806
050 1 4 _aRD662.5
_b.J53 2009eb
082 0 4 _a616.99/491059
_222
245 0 0 _aOncologic surgery of the pterygopalatine fossa and adjacent structures
_h[electronic resource] /
_cXin-chun Jian, editor.
260 _aNew York :
_bNova Biomedical Books,
_cc2009.
300 _aix, 149 p. :
_bill. (some col.)
504 _aIncludes bibliographical references and index.
533 _aElectronic reproduction.
_bPalo Alto, Calif. :
_cebrary,
_d2013.
_nAvailable via World Wide Web.
_nAccess may be limited to ebrary affiliated libraries.
650 0 _aSkull base
_xTumors
_xSurgery.
650 0 _aInternal medicine.
655 7 _aElectronic books.
_2local
700 1 _aJian, Xinchun.
710 2 _aebrary, Inc.
856 4 0 _uhttp://site.ebrary.com/lib/rucke/Doc?id=10659117
_zAn electronic book accessible through the World Wide Web; click to view
999 _c166282
_d166282